| 000 | 00574nam a2200157 a 4500 | ||
|---|---|---|---|
| 008 | 120416s1997 ||||||||||||||||| || u | ||
| 020 | _a185604176X | ||
| 050 | _aLB 1062.6 Her | ||
| 245 | 1 | 0 | _aTeaching information skills in schools |
| 246 | _aJames E. Herring | ||
| 260 |
_aLondon _bLibrary Association Publishing _c1997 |
||
| 350 | _a0.00 | ||
| 650 | _aINFORMATION SKILLS--TEACHING | ||
| 650 | _aINFORMATION | ||
| 995 |
_D0.00 _FCBU-MAIN LIBRARY (Kitwe) _H1 _I300.00 _M1 _UAVAILABLE _ZMain Library Open Access Collection |
||
| 999 |
_c59484 _d59484 |
||